[Event "Nationale pupillendag 2013"]
[Site "Roosendaal"]
[Date "2013.06.15"]
[Round "1.1"]
[White "Snippe, Jonathan"]
[Black "Van Dael, Siem"]
[Result "0-1"]
[LiveChessVersion "1.4.2"]
[BlackElo "1454"]
[WhiteElo "554"]

1. e4 {[%clk 0:19:59]} e5 {[%clk 0:19:59]} 2. Nf3 {[%clk 0:19:56]} Nc6
{[%clk 0:19:58]} 3. Nc3 {[%clk 0:19:54]} Nf6 {[%clk 0:19:57]} 4. Bc4
{[%clk 0:19:52]} Nxe4 {[%clk 0:19:55]} 5. Nxe4 {[%clk 0:19:49]} d5
{[%clk 0:19:54]} 6. Bxd5 {[%clk 0:19:35]} Qxd5 {[%clk 0:19:52]} 7. d3
{[%clk 0:19:31]} Bg4 {[%clk 0:19:47]} 8. O-O {[%clk 0:19:25]} f5 {[%clk 0:19:44]}
9. Nc3 {[%clk 0:19:16]} Qd8 {[%clk 0:19:36]} 10. Bg5 {[%clk 0:19:07]} Be7
{[%clk 0:19:34]} 11. Bxe7 {[%clk 0:19:01]} Qxe7 {[%clk 0:19:31]} 12. h3
{[%clk 0:18:58]} Bh5 {[%clk 0:19:26]} 13. Nd5 {[%clk 0:18:35]} Qd6
{[%clk 0:19:21]} 14. c4 {[%clk 0:18:23]} O-O-O {[%clk 0:19:15]} 15. Rc1
{[%clk 0:18:00]} e4 {[%clk 0:19:13]} 16. c5 {[%clk 0:17:59]} Qxd5
{[%clk 0:19:10]} 17. Ng5 {[%clk 0:17:40]} Bxd1 {[%clk 0:19:04]} 18. Rcxd1 h6 19.
Nf7 {[%clk 0:17:17]} Qxf7 {[%clk 0:19:02]} 20. dxe4 {[%clk 0:17:14]} Rxd1
{[%clk 0:18:59]} 21. Rxd1 {[%clk 0:17:13]} fxe4 {[%clk 0:18:56]} 22. a3
{[%clk 0:17:09]} Rf8 {[%clk 0:18:53]} 23. Rf1 {[%clk 0:17:06]} e3
{[%clk 0:18:50]} 24. f3 {[%clk 0:17:00]} Ne5 {[%clk 0:18:43]} 25. Re1
{[%clk 0:16:56]} Nxf3+ {[%clk 0:18:38]} 26. gxf3 {[%clk 0:16:47]} Qxf3
{[%clk 0:18:30]} 27. Kh2 {[%clk 0:16:36]} Qf2+ {[%clk 0:18:18]} 28. Kh1
{[%clk 0:16:35]} Rf3 {[%clk 0:18:10]} 29. Rg1 {[%clk 0:16:26]} Rxh3#
{[%clk 0:20:00]} 0-1

[Event "Nationale pupillendag 2013"]
[Site "Roosendaal"]
[Date "2013.06.15"]
[Round "1.2"]
[White "Nguyen, Lucas"]
[Black "Van den Broek, Wessel"]
[Result "1-0"]
[LiveChessVersion "1.4.2"]
[BlackElo "546"]
[WhiteElo "1104"]

1. e4 {[%clk 0:19:58]} e5 {[%clk 0:19:59]} 2. Nf3 {[%clk 0:19:56]} Nc6
{[%clk 0:19:59]} 3. d4 {[%clk 0:19:54]} exd4 {[%clk 0:19:57]} 4. Nxd4
{[%clk 0:19:52]} Bc5 {[%clk 0:19:56]} 5. Nb3 {[%clk 0:19:50]} Nf6
{[%clk 0:19:52]} 6. Nxc5 {[%clk 0:19:48]} d6 {[%clk 0:19:44]} 7. Nb3
{[%clk 0:19:42]} Nxe4 {[%clk 0:19:41]} 8. Bd3 {[%clk 0:19:31]} Nc5
{[%clk 0:19:36]} 9. Bc4 {[%clk 0:18:58]} Ne4 {[%clk 0:19:14]} 10. Be3
{[%clk 0:18:13]} O-O {[%clk 0:19:01]} 11. N1d2 {[%clk 0:17:57]} d5
{[%clk 0:18:51]} 12. Nxe4 {[%clk 0:17:27]} dxc4 {[%clk 0:18:48]} 13. Qxd8
{[%clk 0:17:23]} Rxd8 {[%clk 0:18:46]} 14. Nbd2 {[%clk 0:17:21]} Nb4
{[%clk 0:18:39]} 15. O-O-O {[%clk 0:16:20]} Nxa2+ {[%clk 0:18:33]} 16. Kb1
{[%clk 0:16:19]} Nb4 {[%clk 0:18:21]} 17. Nxc4 {[%clk 0:16:18]} Rxd1+
{[%clk 0:18:18]} 18. Rxd1 {[%clk 0:16:16]} Bf5 {[%clk 0:18:14]} 19. Ncd2
{[%clk 0:15:39]} Rd8 {[%clk 0:18:01]} 20. h3 {[%clk 0:15:33]} Bxe4
{[%clk 0:17:59]} 21. Rc1 {[%clk 0:14:42]} Bxg2 {[%clk 0:17:50]} 22. h4
{[%clk 0:14:09]} Nd5 {[%clk 0:17:42]} 23. Bd4 {[%clk 0:13:41]} Nf4
{[%clk 0:17:33]} 24. Be3 {[%clk 0:13:03]} Ne2 {[%clk 0:17:30]} 25. Re1
{[%clk 0:13:00]} Bc6 {[%clk 0:16:19]} 26. Rxe2 {[%clk 0:12:53]} Bb5
{[%clk 0:16:16]} 27. Re1 {[%clk 0:12:50]} f5 {[%clk 0:16:12]} 28. Rg1
{[%clk 0:12:33]} c5 {[%clk 0:16:08]} 29. Bh6 {[%clk 0:11:55]} g6 {[%clk 0:16:02]}
30. h5 {[%clk 0:11:45]} Rd6 {[%clk 0:15:50]} 31. Be3 {[%clk 0:11:13]} Kf7
{[%clk 0:15:43]} 32. h6 {[%clk 0:11:07]} Re6 {[%clk 0:15:34]} 33. Bxc5
{[%clk 0:10:57]} Re2 {[%clk 0:15:21]} 34. Be3 {[%clk 0:10:55]} Ke6
{[%clk 0:15:13]} 35. Ka2 {[%clk 0:10:28]} Kd5 {[%clk 0:15:05]} 36. b3
{[%clk 0:10:25]} Ke5 {[%clk 0:14:58]} 37. Kb2 {[%clk 0:10:06]} f4
{[%clk 0:14:54]} 38. Nf3+ {[%clk 0:09:37]} Kf5 {[%clk 0:14:39]} 39. Nd4+
{[%clk 0:09:35]} Ke4 {[%clk 0:14:35]} 40. Nxe2 {[%clk 0:09:34]} fxe3
{[%clk 0:14:31]} 41. fxe3 {[%clk 0:09:33]} Bxe2 {[%clk 0:14:28]} 42. Ra1
{[%clk 0:09:28]} a6 {[%clk 0:14:26]} 43. Ra5 {[%clk 0:09:12]} Kxe3
{[%clk 0:14:24]} 44. Re5+ {[%clk 0:09:11]} Kf2 {[%clk 0:14:15]} 45. Re7
{[%clk 0:09:09]} Bb5 {[%clk 0:14:01]} 46. Rxb7 {[%clk 0:09:00]} Kg3
{[%clk 0:13:59]} 47. Rxh7 {[%clk 0:08:58]} Kh4 {[%clk 0:13:57]} 48. Rb7
{[%clk 0:08:57]} Bc6 {[%clk 0:13:51]} 49. h7 {[%clk 0:08:54]} Bxb7
{[%clk 0:13:47]} 50. h8=Q+ Kg4 51. Qd4+ {[%clk 0:08:39]} Kh5 {[%clk 0:13:42]} 52.
Qd3 {[%clk 0:08:29]} g5 {[%clk 0:13:38]} 53. Qh7+ {[%clk 0:08:27]} Kg4
{[%clk 0:13:36]} 54. Qxb7 {[%clk 0:08:26]} Kh3 {[%clk 0:13:33]} 55. c4
{[%clk 0:08:25]} g4 {[%clk 0:13:32]} 56. c5 {[%clk 0:08:24]} g3 {[%clk 0:13:32]}
57. Qg7 {[%clk 0:08:21]} Kh2 {[%clk 0:13:29]} 58. c6 {[%clk 0:08:17]} g2
{[%clk 0:13:28]} 59. c7 {[%clk 0:08:13]} g1=Q {[%clk 0:13:23]} 60. Qxg1+
{[%clk 0:08:10]} Kh3 {[%clk 0:13:22]} 61. c8=Q+ {[%clk 0:08:05]} Kh4
{[%clk 0:13:20]} 62. Qcg4# 1-0

[Event "Nationale pupillendag 2013"]
[Site "Roosendaal"]
[Date "2013.06.15"]
[Round "1.3"]
[White "Tolic, Danio"]
[Black "Algra, Sake"]
[Result "0-1"]
[LiveChessVersion "1.4.2"]
[BlackElo "1084"]
[WhiteElo "544"]

1. e4 {[%clk 0:19:59]} c5 {[%clk 0:19:59]} 2. Nf3 {[%clk 0:19:58]} d6
{[%clk 0:19:57]} 3. Bc4 {[%clk 0:19:53]} Nf6 {[%clk 0:19:53]} 4. e5
{[%clk 0:19:46]} dxe5 {[%clk 0:19:32]} 5. Nxe5 {[%clk 0:19:44]} e6
{[%clk 0:19:20]} 6. Bb5+ {[%clk 0:19:33]} Bd7 {[%clk 0:19:09]} 7. Bxd7+
{[%clk 0:19:31]} Nbxd7 {[%clk 0:19:07]} 8. Nxd7 {[%clk 0:19:29]} Qxd7
{[%clk 0:19:06]} 9. Nc3 {[%clk 0:19:26]} g6 {[%clk 0:18:49]} 10. Qf3
{[%clk 0:19:20]} Bg7 {[%clk 0:18:38]} 11. b3 {[%clk 0:19:12]} O-O
{[%clk 0:18:25]} 12. Bb2 {[%clk 0:19:09]} Rad8 {[%clk 0:17:56]} 13. Ne4
{[%clk 0:18:57]} Nxe4 {[%clk 0:17:25]} 14. Bxg7 {[%clk 0:18:55]} Nxd2
{[%clk 0:17:23]} 15. Qc3 {[%clk 0:18:50]} Ne4 {[%clk 0:16:24]} 16. Qb2
{[%clk 0:18:42]} Qd2+ {[%clk 0:16:22]} 17. Kf1 {[%clk 0:18:36]} Qxf2# 0-1

[Event "Nationale pupillendag 2013"]
[Site "Roosendaal"]
[Date "2013.06.15"]
[Round "1.4"]
[White "Muntean, Victor"]
[Black "Bijvank, Kylian"]
[Result "1-0"]
[LiveChessVersion "1.4.2"]
[BlackElo "530"]
[WhiteElo "961"]

1. e4 {[%clk 0:19:58]} c5 {[%clk 0:19:59]} 2. d4 {[%clk 0:19:54]} b6
{[%clk 0:19:54]} 3. Nf3 {[%clk 0:19:49]} Bb7 {[%clk 0:19:46]} 4. Nc3
{[%clk 0:19:44]} Nf6 {[%clk 0:19:41]} 5. e5 {[%clk 0:19:41]} Ne4 {[%clk 0:19:37]}
6. d5 {[%clk 0:19:31]} Nxc3 {[%clk 0:19:29]} 7. bxc3 {[%clk 0:19:28]} d6
{[%clk 0:19:15]} 8. e6 {[%clk 0:19:15]} g6 {[%clk 0:18:50]} 9. Bb5+
{[%clk 0:19:13]} Bc6 {[%clk 0:18:41]} 10. dxc6 {[%clk 0:19:10]} Qc7
{[%clk 0:18:38]} 11. O-O {[%clk 0:18:42]} Bg7 {[%clk 0:18:32]} 12. exf7+
{[%clk 0:18:38]} Kxf7 {[%clk 0:18:30]} 13. Ng5+ {[%clk 0:18:32]} Kg8
{[%clk 0:18:06]} 14. Qd5+ {[%clk 0:18:24]} e6 {[%clk 0:17:57]} 15. Qxe6+
{[%clk 0:18:22]} Kf8 {[%clk 0:17:54]} 16. Re1 {[%clk 0:18:03]} Bxc3
{[%clk 0:17:26]} 17. Qe8+ {[%clk 0:17:54]} Kg7 {[%clk 0:17:23]} 18. Re7+
{[%clk 0:17:43]} Qxe7 {[%clk 0:17:19]} 19. Qxe7+ {[%clk 0:17:39]} Kh6
{[%clk 0:17:16]} 20. g4 {[%clk 0:17:29]} Bxa1 {[%clk 0:17:10]} 21. Ne6+ 1-0

[Event "Nationale pupillendag 2013"]
[Site "Roosendaal"]
[Date "2013.06.15"]
[Round "1.5"]
[White "Boldewijn, Michel"]
[Black "Schoppen, Jochem"]
[Result "0-1"]
[LiveChessVersion "1.4.2"]
[BlackElo "947"]
[WhiteElo "509"]

1. e4 {[%clk 0:20:00]} c5 {[%clk 0:19:58]} 2. Bd3 {[%clk 0:19:58]} Nc6
{[%clk 0:19:56]} 3. Nf3 {[%clk 0:19:57]} e6 {[%clk 0:19:50]} 4. O-O
{[%clk 0:19:54]} Nge7 {[%clk 0:19:45]} 5. c4 {[%clk 0:19:50]} d5 {[%clk 0:19:34]}
6. exd5 {[%clk 0:19:46]} exd5 {[%clk 0:19:30]} 7. cxd5 {[%clk 0:19:44]} Nxd5
{[%clk 0:19:26]} 8. Nc3 {[%clk 0:19:41]} Nxc3 {[%clk 0:19:16]} 9. dxc3
{[%clk 0:19:39]} Be7 {[%clk 0:19:03]} 10. a3 {[%clk 0:19:32]} O-O
{[%clk 0:18:56]} 11. b4 {[%clk 0:19:31]} cxb4 {[%clk 0:18:49]} 12. cxb4
{[%clk 0:19:29]} Qd7 {[%clk 0:18:26]} 13. b5 {[%clk 0:19:23]} Na5
{[%clk 0:18:23]} 14. Bd2 {[%clk 0:19:20]} Qxd3 {[%clk 0:18:08]} 15. Ne1
{[%clk 0:19:15]} Qxb5 {[%clk 0:17:56]} 16. Rb1 {[%clk 0:19:09]} Qf5
{[%clk 0:16:59]} 17. a4 {[%clk 0:19:00]} Nc4 {[%clk 0:16:36]} 18. Nf3
{[%clk 0:18:50]} Nxd2 {[%clk 0:16:16]} 19. Nxd2 {[%clk 0:18:46]} Rd8
{[%clk 0:16:08]} 20. Rb2 {[%clk 0:18:38]} Bg5 {[%clk 0:15:54]} 21. f4
{[%clk 0:18:32]} Bh6 {[%clk 0:15:21]} 22. Qc1 {[%clk 0:18:20]} Qd3
{[%clk 0:14:46]} 23. Nb3 {[%clk 0:18:00]} Be6 {[%clk 0:14:08]} 24. Nc5
{[%clk 0:17:57]} Qd4+ {[%clk 0:13:55]} 25. Rbf2 {[%clk 0:17:50]} Bxf4
{[%clk 0:13:17]} 26. Qxf4 Qxc5 27. Rc1 Qb6 28. Ra1 {[%clk 0:16:49]} Rac8
{[%clk 0:12:56]} 29. a5 {[%clk 0:16:36]} Qd4 {[%clk 0:12:37]} 30. Qd2
{[%clk 0:16:14]} Qxa1+ 31. Rf1 Qxf1+ 32. Kxf1 {[%clk 0:15:50]} Rxd2
{[%clk 0:12:23]} 33. g3 {[%clk 0:15:46]} Rc1# {[%clk 0:12:19]} 0-1

[Event "Nationale pupillendag 2013"]
[Site "Roosendaal"]
[Date "2013.06.15"]
[Round "1.6"]
[White "Feenstra, Yannick"]
[Black "Elgersma, Onno"]
[Result "0-1"]
[WhiteElo "925"]
[BlackElo "492"]
[PlyCount "48"]
[EventDate "2013.??.??"]

1. e4 e5 2. Nf3 Bc5 3. Nxe5 Qh4 4. g3 Qxe4+ 5. Qe2 Qxe2+ 6. Bxe2 Nc6 7. Nxc6
bxc6 8. O-O Nf6 9. Re1 O-O 10. Bd3 Ng4 11. Rf1 d5 12. h3 Nf6 13. b3 Bxh3 14.
Re1 Ng4 15. Re2 Bd4 16. c3 Bb6 17. Ba3 c5 18. b4 c4 19. Bf5 Rfe8 20. Bxg4 Rxe2
21. Bxh3 Rxf2 22. Kh1 Re8 23. Kg1 Re1+ 24. Bf1 Rexf1# 0-1

[Event "Nationale pupillendag 2013"]
[Site "Roosendaal"]
[Date "2013.06.15"]
[Round "1.8"]
[White "Van der Heyden, Yacoub"]
[Black "Timmer, Hugo"]
[Result "1/2-1/2"]
[LiveChessVersion "1.4.2"]
[BlackElo "485"]
[WhiteElo "823"]

1. e4 e5 {[%clk 0:19:58]} 2. Nf3 {[%clk 0:19:59]} d6 {[%clk 0:19:50]} 3. h3
{[%clk 0:19:57]} Nf6 {[%clk 0:19:44]} 4. Nc3 {[%clk 0:19:55]} Nc6
{[%clk 0:19:42]} 5. Bc4 {[%clk 0:19:53]} a6 {[%clk 0:19:24]} 6. Ng5
{[%clk 0:19:44]} b5 {[%clk 0:19:09]} 7. Nxf7 {[%clk 0:19:41]} Qe7
{[%clk 0:19:02]} 8. Nxh8 {[%clk 0:19:39]} bxc4 {[%clk 0:18:58]} 9. d3
{[%clk 0:19:02]} g6 {[%clk 0:18:55]} 10. Bg5 Qg7 11. Qf3 {[%clk 0:18:32]} Be7
{[%clk 0:18:33]} 12. Nd5 {[%clk 0:18:30]} Nxd5 {[%clk 0:18:27]} 13. exd5
{[%clk 0:18:22]} cxd3 {[%clk 0:18:21]} 14. cxd3 {[%clk 0:15:18]} Nd4
{[%clk 0:18:15]} 15. Qd1 {[%clk 0:14:08]} Bxg5 {[%clk 0:18:12]} 16. O-O
{[%clk 0:12:21]} Qxh8 {[%clk 0:18:06]} 17. Qa4+ {[%clk 0:11:20]} Bd7
{[%clk 0:18:00]} 18. Qc4 {[%clk 0:10:41]} Bb5 {[%clk 0:17:30]} 19. Qxc7
{[%clk 0:10:02]} Bxd3 {[%clk 0:16:51]} 20. Qb7 {[%clk 0:09:16]} Rd8
{[%clk 0:16:43]} 21. Rfd1 {[%clk 0:07:01]} Ne2+ {[%clk 0:16:32]} 22. Kh1
{[%clk 0:06:39]} Bc2 {[%clk 0:16:14]} 23. Qc6+ {[%clk 0:06:21]} Kf8
{[%clk 0:14:59]} 24. Qxc2 {[%clk 0:06:14]} Nd4 {[%clk 0:14:51]} 25. Qc7
{[%clk 0:05:45]} Qf6 {[%clk 0:14:29]} 26. f3 {[%clk 0:05:30]} Ne2
{[%clk 0:14:15]} 1/2-1/2

[Event "Nationale pupillendag 2013"]
[Site "Roosendaal"]
[Date "2013.06.15"]
[Round "1.9"]
[White "Pham, Khoi"]
[Black "Gao, Nico"]
[Result "1-0"]
[LiveChessVersion "1.4.2"]
[BlackElo "323"]
[WhiteElo "948"]

1. e4 {[%clk 0:19:59]} e5 {[%clk 0:19:59]} 2. d4 {[%clk 0:19:58]} Bb4+
{[%clk 0:19:54]} 3. c3 {[%clk 0:19:55]} Be7 {[%clk 0:19:40]} 4. Nf3
{[%clk 0:19:53]} Nc6 {[%clk 0:19:29]} 5. dxe5 {[%clk 0:19:48]} Nh6
{[%clk 0:19:20]} 6. Bxh6 {[%clk 0:19:45]} gxh6 {[%clk 0:19:16]} 7. Nbd2
{[%clk 0:19:41]} Bc5 {[%clk 0:19:07]} 8. Bc4 {[%clk 0:19:35]} Na5
{[%clk 0:18:58]} 9. Bd3 {[%clk 0:19:14]} Qe7 {[%clk 0:18:32]} 10. b4
{[%clk 0:19:11]} Nc6 {[%clk 0:18:08]} 11. bxc5 {[%clk 0:19:08]} Nxe5
{[%clk 0:17:56]} 12. Nxe5 {[%clk 0:19:06]} Qxe5 {[%clk 0:17:52]} 13. O-O
{[%clk 0:18:51]} d5 {[%clk 0:17:32]} 14. exd5 {[%clk 0:18:35]} Qxd5
{[%clk 0:17:28]} 15. Bc4 {[%clk 0:18:28]} Qxc5 {[%clk 0:17:24]} 16. Re1+
{[%clk 0:18:24]} Be6 {[%clk 0:17:16]} 17. Bxe6 {[%clk 0:18:22]} fxe6
{[%clk 0:17:13]} 18. Rxe6+ {[%clk 0:18:21]} Kf8 {[%clk 0:17:07]} 19. Qf3+
{[%clk 0:18:14]} Kg8 {[%clk 0:16:29]} 20. Ne4 {[%clk 0:17:55]} Qd5
{[%clk 0:16:22]} 21. Nf6+ {[%clk 0:17:54]} Kf7 {[%clk 0:16:14]} 22. Nxd5+
{[%clk 0:17:52]} Kxe6 {[%clk 0:16:11]} 23. Nxc7+ {[%clk 0:17:50]} Kd6
{[%clk 0:15:57]} 24. Nxa8 {[%clk 0:19:46]} Kc5 {[%clk 0:15:46]} 25. Nc7
{[%clk 0:19:43]} Kd6 {[%clk 0:15:41]} 26. Nb5+ {[%clk 0:19:40]} Kc5
{[%clk 0:15:18]} 27. Rb1 {[%clk 0:21:33]} a6 {[%clk 0:15:12]} 28. Nd4
{[%clk 0:21:18]} Kc4 {[%clk 0:14:56]} 29. Rb4+ {[%clk 0:21:14]} Kc5
{[%clk 0:14:37]} 30. Qxb7 {[%clk 0:21:05]} a5 {[%clk 0:14:21]} 31. Qc6#
{[%clk 0:20:47]} 1-0

[Event "Nationale pupillendag 2013"]
[Site "Roosendaal"]
[Date "2013.06.15"]
[Round "1.10"]
[White "Van den Assem, Jiri"]
[Black "Van Steenoven, Luuk"]
[Result "0-1"]
[LiveChessVersion "1.4.2"]
[BlackElo "939"]
[WhiteElo "322"]

1. d4 {[%clk 0:19:57]} d5 {[%clk 0:20:00]} 2. Nc3 {[%clk 0:19:53]} Nf6
{[%clk 0:19:59]} 3. Nf3 {[%clk 0:19:50]} Nc6 {[%clk 0:19:56]} 4. Bg5
{[%clk 0:19:47]} Bf5 {[%clk 0:19:51]} 5. Bxf6 {[%clk 0:19:42]} exf6
{[%clk 0:19:48]} 6. e3 {[%clk 0:19:32]} Bb4 {[%clk 0:19:41]} 7. Qd2
{[%clk 0:19:23]} O-O {[%clk 0:19:34]} 8. a3 {[%clk 0:19:19]} Ba5 {[%clk 0:19:27]}
9. b4 {[%clk 0:19:14]} Bb6 {[%clk 0:19:25]} 10. Bb5 {[%clk 0:19:09]} Qd6
{[%clk 0:19:18]} 11. Bxc6 {[%clk 0:18:59]} Qxc6 {[%clk 0:19:15]} 12. O-O
{[%clk 0:18:52]} a5 {[%clk 0:19:11]} 13. bxa5 {[%clk 0:18:25]} Bxa5
{[%clk 0:19:08]} 14. h3 {[%clk 0:18:01]} Bxc3 {[%clk 0:19:06]} 15. Qe2
{[%clk 0:17:50]} Bxa1 {[%clk 0:19:04]} 16. Rxa1 {[%clk 0:17:44]} Qxc2
{[%clk 0:19:01]} 17. Qxc2 {[%clk 0:17:36]} Bxc2 {[%clk 0:18:59]} 18. g4
{[%clk 0:17:26]} f5 {[%clk 0:18:49]} 19. Ne5 {[%clk 0:17:16]} fxg4
{[%clk 0:18:45]} 20. hxg4 {[%clk 0:17:12]} f6 {[%clk 0:18:27]} 21. Nd7
{[%clk 0:17:05]} Rfd8 {[%clk 0:18:23]} 22. Nc5 {[%clk 0:16:57]} b6
{[%clk 0:18:20]} 23. Nb7 {[%clk 0:16:51]} Rdb8 {[%clk 0:18:17]} 24. Nc5
{[%clk 0:16:36]} bxc5 {[%clk 0:18:15]} 25. dxc5 {[%clk 0:16:30]} Be4
{[%clk 0:18:13]} 26. a4 {[%clk 0:16:22]} Rb4 {[%clk 0:18:08]} 27. a5
{[%clk 0:16:19]} Rb5 {[%clk 0:18:04]} 28. a6 {[%clk 0:16:09]} Rxc5
{[%clk 0:18:02]} 29. a7 {[%clk 0:16:02]} Rb5 {[%clk 0:17:58]} 30. Kh2
{[%clk 0:15:46]} Rb7 {[%clk 0:17:54]} 31. Kg3 {[%clk 0:15:33]} Raxa7
{[%clk 0:17:38]} 32. Rxa7 {[%clk 0:15:11]} Rxa7 {[%clk 0:17:37]} 33. f3
{[%clk 0:15:07]} Bd3 {[%clk 0:17:31]} 34. f4 {[%clk 0:15:02]} c5 {[%clk 0:17:17]}
35. f5 {[%clk 0:14:53]} c4 {[%clk 0:17:13]} 36. Kf2 {[%clk 0:14:33]} c3
{[%clk 0:17:01]} 37. Ke1 {[%clk 0:14:24]} Kf7 {[%clk 0:16:58]} 38. Kf2
{[%clk 0:14:09]} c2 {[%clk 0:16:55]} 39. Kf3 {[%clk 0:14:03]} c1=Q
{[%clk 0:16:49]} 40. Kf4 {[%clk 0:13:53]} Ra4+ {[%clk 0:16:43]} 41. Kf3
{[%clk 0:13:20]} Qf1+ {[%clk 0:16:39]} 42. Kg3 {[%clk 0:13:15]} Be4
{[%clk 0:16:37]} 43. Kh2 {[%clk 0:12:55]} Qg2# {[%clk 0:16:35]} 0-1

[Event "Nationale pupillendag 2013"]
[Site "Roosendaal"]
[Date "2013.06.15"]
[Round "1.11"]
[White "Reina, Leon"]
[Black "Van Wijk, Justin"]
[Result "1-0"]
[LiveChessVersion "1.4.2"]
[BlackElo "309"]
[WhiteElo "738"]

1. e4 {[%clk 0:19:59]} d5 {[%clk 0:19:58]} 2. exd5 {[%clk 0:19:57]} Nf6
{[%clk 0:19:56]} 3. Nc3 {[%clk 0:19:56]} c6 {[%clk 0:19:54]} 4. Nf3
{[%clk 0:19:54]} cxd5 {[%clk 0:19:50]} 5. d4 Nbd7 {[%clk 0:19:43]} 6. Bb5
{[%clk 0:19:47]} a6 {[%clk 0:19:40]} 7. Ba4 {[%clk 0:19:44]} b5 {[%clk 0:19:38]}
8. Bb3 {[%clk 0:19:43]} Bb7 {[%clk 0:19:33]} 9. a3 {[%clk 0:19:36]} a5
{[%clk 0:19:30]} 10. Ba2 {[%clk 0:19:31]} a4 {[%clk 0:19:28]} 11. Nxb5
{[%clk 0:19:28]} Bc6 {[%clk 0:19:24]} 12. Nc3 {[%clk 0:19:16]} Qa5
{[%clk 0:19:21]} 13. Bd2 {[%clk 0:19:01]} g6 {[%clk 0:19:14]} 14. Ne4
{[%clk 0:18:44]} dxe4 {[%clk 0:19:08]} 15. Bxa5 {[%clk 0:18:44]} Rxa5
{[%clk 0:19:03]} 16. Ne5 Bb5 {[%clk 0:18:54]} 17. Bxf7+ {[%clk 0:18:11]} Kd8
{[%clk 0:18:41]} 18. Nxd7 {[%clk 0:18:07]} Bxd7 {[%clk 0:18:36]} 19. b4
{[%clk 0:18:05]} Rb5 {[%clk 0:18:34]} 20. Bc4 {[%clk 0:17:54]} Rb7
{[%clk 0:18:28]} 21. f3 {[%clk 0:17:50]} exf3 {[%clk 0:18:24]} 22. Qxf3
{[%clk 0:17:49]} Rc7 {[%clk 0:18:21]} 23. Qa8+ {[%clk 0:17:43]} Rc8
{[%clk 0:18:19]} 24. Qa5+ {[%clk 0:17:39]} Rc7 {[%clk 0:18:15]} 25. d5
{[%clk 0:17:35]} Ne4 {[%clk 0:18:07]} 26. O-O {[%clk 0:17:09]} Bg7
{[%clk 0:18:02]} 27. Rae1 {[%clk 0:16:58]} Nd2 {[%clk 0:17:59]} 28. d6
{[%clk 0:16:10]} exd6 {[%clk 0:17:55]} 29. Rf7 {[%clk 0:16:05]} Bc3
{[%clk 0:17:11]} 30. Ree7 {[%clk 0:15:54]} Nxc4 31. Rxd7+ Ke8 {[%clk 0:16:49]}
32. Qxc7 {[%clk 0:15:51]} Ne5 {[%clk 0:16:35]} 33. Qc8# {[%clk 0:15:51]} 1-0

[Event "Nationale pupillendag 2013"]
[Site "Roosendaal"]
[Date "2013.06.15"]
[Round "1.12"]
[White "Nehizena, Rock"]
[Black "Kien, Clovis"]
[Result "0-1"]
[LiveChessVersion "1.4.2"]
[BlackElo "687"]
[WhiteElo "302"]

1. d4 {[%clk 0:19:58]} d5 {[%clk 0:19:58]} 2. Nf3 {[%clk 0:19:53]} Nc6
{[%clk 0:19:54]} 3. Nc3 {[%clk 0:19:49]} Nf6 {[%clk 0:19:51]} 4. Bg5
{[%clk 0:19:42]} Bg4 {[%clk 0:19:46]} 5. Qd3 {[%clk 0:19:29]} Nb4
{[%clk 0:19:38]} 6. Qe3 {[%clk 0:19:04]} Nxc2+ {[%clk 0:19:34]} 7. Kd2
{[%clk 0:18:44]} Nxe3 {[%clk 0:19:30]} 8. Bxf6 {[%clk 0:18:32]} Nc4+ 9. Ke1
{[%clk 0:18:22]} exf6 {[%clk 0:19:25]} 10. h3 {[%clk 0:18:02]} Bxf3
{[%clk 0:19:18]} 11. gxf3 {[%clk 0:17:57]} Bb4 {[%clk 0:19:16]} 12. b3
{[%clk 0:17:47]} Qd6 {[%clk 0:18:45]} 13. bxc4 Bxc3+ 14. Kd1 {[%clk 0:17:24]}
Bxa1 {[%clk 0:18:37]} 15. c5 {[%clk 0:17:17]} Qf4 {[%clk 0:18:31]} 16. e3
{[%clk 0:17:07]} Qxf3+ {[%clk 0:18:28]} 17. Be2 {[%clk 0:17:00]} Qxh1+
{[%clk 0:18:24]} 18. Kd2 {[%clk 0:16:50]} Qb1 {[%clk 0:18:17]} 19. Bd3
{[%clk 0:16:27]} Qb2+ {[%clk 0:18:14]} 20. Bc2 {[%clk 0:16:20]} O-O
{[%clk 0:18:11]} 21. a4 {[%clk 0:16:12]} Qc3+ {[%clk 0:18:06]} 22. Kc1
{[%clk 0:16:08]} Qe1+ {[%clk 0:17:54]} 23. Bd1 {[%clk 0:16:05]} Qc3+
{[%clk 0:17:49]} 24. Bc2 {[%clk 0:16:03]} Rfe8 {[%clk 0:17:43]} 25. h4
{[%clk 0:15:44]} Re4 {[%clk 0:17:41]} 26. a5 {[%clk 0:15:31]} Rxh4 27. Kb1
{[%clk 0:15:06]} Qb2# 0-1

[Event "Nationale pupillendag 2013"]
[Site "Roosendaal"]
[Date "2013.06.15"]
[Round "1.13"]
[White "Van Cleef, Matteo"]
[Black "Heemskerk, Eline"]
[Result "1-0"]
[LiveChessVersion "1.4.2"]
[BlackElo "296"]
[WhiteElo "683"]

1. e4 {[%clk 0:19:59]} e6 {[%clk 0:19:59]} 2. d4 {[%clk 0:19:57]} d6
{[%clk 0:19:58]} 3. Nf3 {[%clk 0:19:52]} Nc6 {[%clk 0:19:56]} 4. Bb5
{[%clk 0:19:41]} a6 {[%clk 0:19:43]} 5. Ba4 b5 6. Bb3 {[%clk 0:19:29]} Nf6
{[%clk 0:19:37]} 7. Nc3 b4 8. Nb1 Nxe4 9. Ba4 Bd7 10. O-O {[%clk 0:17:42]} Be7
{[%clk 0:19:28]} 11. Re1 {[%clk 0:17:27]} Nf6 12. c3 Nh5 {[%clk 0:19:08]} 13.
cxb4 {[%clk 0:16:55]} Bf6 {[%clk 0:18:59]} 14. d5 e5 15. dxc6 O-O 16. cxd7
{[%clk 0:16:00]} e4 {[%clk 0:18:52]} 17. Nfd2 c6 18. Bxc6 {[%clk 0:14:28]} Rc8
19. dxc8=Q Qxc8 {[%clk 0:18:42]} 20. Ba4 {[%clk 0:14:12]} e3 {[%clk 0:18:19]} 21.
Qxh5 {[%clk 0:13:54]} g6 {[%clk 0:17:56]} 22. Qf3 h6 23. Qxf6 {[%clk 0:12:30]}
Qb8 {[%clk 0:17:33]} 24. Ne4 {[%clk 0:12:14]} Rc8 {[%clk 0:17:03]} 25. b3
{[%clk 0:11:54]} exf2+ {[%clk 0:16:44]} 26. Nxf2 {[%clk 0:11:40]} Rc3
{[%clk 0:15:46]} 27. Bb2 {[%clk 0:11:26]} Rc1 {[%clk 0:15:29]} 28. Qg7# 1-0